000 00354nam a22001217a 4500
999 _c13802
_d13802
020 _a9781032305554
082 _a006.3
100 _aRashmi Priyadarshini ; R M Mehra ; Amit Sehgal ; Prabhu Jyot Singh
245 _aArtificial Intelligence: Applications and Innovations
260 _aNew York
_bCRC Press
_c2023
300 _axxiii, 276 pages
942 _cBK